| 000 | 00552nam a2200205 a 4500 | ||
|---|---|---|---|
| 001 | 60552 | ||
| 003 | BD-RjUL | ||
| 005 | 20211209080846.0 | ||
| 008 | 010117s1993 ii ||||| |||| 00| 0 eng d | ||
| 035 | _a(BD-RjUL)60676 | ||
| 040 |
_aBD-RjUL _beng _cBD-RjUL |
||
| 041 | _aeng | ||
| 082 |
_223 _a370.15 _bCHE 1993 |
||
| 100 | 1 | 0 |
_a Chand, Tara _9180340 |
| 245 |
_aEducational psychology / _cTara Chand |
||
| 260 |
_aNew Delhi : _b Anmol Publications, _c1993 |
||
| 300 |
_a283 p. ; _c22 cm. |
||
| 650 |
_aEducational psychology _9178267 |
||
| 942 |
_2ddc _cBK |
||
| 999 |
_c60552 _d60552 |
||